000
00232nam a22000857a 4500
008
160909b xxu||||| |||| 00| 0 eng d
100
_9
341
_a
Misra R.R
245
_a
Secondary Chemistry for us-X
260
_a
New Delhi
_b
Arya publication
_c
2007
999
_c
3001
_d
3001